<?xml version="1.0" encoding="UTF-8"?>
<record
    xmlns:xsi="http://www.w3.org/2001/XMLSchema-instance"
    xsi:schemaLocation="http://www.loc.gov/MARC21/slim http://www.loc.gov/standards/marcxml/schema/MARC21slim.xsd"
    xmlns="http://www.loc.gov/MARC21/slim">

  <leader>     nam a22     7a 4500</leader>
  <datafield tag="999" ind1=" " ind2=" ">
    <subfield code="c">336711</subfield>
    <subfield code="d">336711</subfield>
  </datafield>
  <controlfield tag="003">IT-MiCISF</controlfield>
  <controlfield tag="005">20170607150713.0</controlfield>
  <controlfield tag="008">170607b        xxu||||| |||| 00| 0 eng d</controlfield>
  <datafield tag="040" ind1=" " ind2=" ">
    <subfield code="a">IT-MiCISF</subfield>
    <subfield code="c">IT-MiCISF</subfield>
  </datafield>
  <datafield tag="041" ind1=" " ind2=" ">
    <subfield code="a">it</subfield>
  </datafield>
  <datafield tag="100" ind1=" " ind2=" ">
    <subfield code="a">Peluso Angelo</subfield>
    <subfield code="9">56512</subfield>
  </datafield>
  <datafield tag="245" ind1=" " ind2=" ">
    <subfield code="a">Il corpo che cresce</subfield>
    <subfield code="b">Problemi adolescenziali in ambito sessuale</subfield>
  </datafield>
  <datafield tag="260" ind1=" " ind2=" ">
    <subfield code="a">Cinisello B. (MI)</subfield>
    <subfield code="b">San Paolo</subfield>
    <subfield code="c">2004</subfield>
  </datafield>
  <datafield tag="300" ind1=" " ind2=" ">
    <subfield code="a">pp. 126</subfield>
  </datafield>
  <datafield tag="500" ind1=" " ind2=" ">
    <subfield code="a">adolescenza, corpo, educazione-sessuale, nuovi-media, devianza-minorile, prevenzione</subfield>
  </datafield>
  <datafield tag="520" ind1=" " ind2=" ">
    <subfield code="a">Questo volume parla dei sentimenti e delle emozioni nella famiglia con adolescenti: cosa succede quando il corpo si modifica e cresce? come aiutare un adolescente ad accettare il suo &#x201C;nuovo&#x201D; corpo? cosa significa diventare uomo e donna? qual &#xE8; l&#x2019;influenza della coppia nella formazione dell&#x2019;identit&#xE0; di genere? quali sono le principali problematiche legate allo sviluppo sessuale degli adolescenti&#x2019; Un libro per educatori e per genitori con figli adolescenti, quindi, dove non si parla solo di sesso ma anche di comunicazione, relazione, identit&#xE0; di genere, e tutto quanto &#xE8; direttamente o indirettamente connesso con le modifiche psico-fisiche della sessualit&#xE0; e della genitalit&#xE0;  nella stagione dell&#x2019;adolescenza.</subfield>
  </datafield>
  <datafield tag="650" ind1=" " ind2=" ">
    <subfield code="a">et&#xE0;-evolutiva</subfield>
    <subfield code="9">56123</subfield>
  </datafield>
  <datafield tag="654" ind1=" " ind2=" ">
    <subfield code="a">saggio</subfield>
  </datafield>
  <datafield tag="942" ind1=" " ind2=" ">
    <subfield code="2">ddc</subfield>
    <subfield code="c">BK</subfield>
  </datafield>
  <datafield tag="952" ind1=" " ind2=" ">
    <subfield code="0">0</subfield>
    <subfield code="1">0</subfield>
    <subfield code="2">ddc</subfield>
    <subfield code="4">0</subfield>
    <subfield code="6">B_7361_000000000000000</subfield>
    <subfield code="7">1</subfield>
    <subfield code="a">CISF</subfield>
    <subfield code="b">CISF</subfield>
    <subfield code="d">2017-06-07</subfield>
    <subfield code="l">0</subfield>
    <subfield code="o">b7361</subfield>
    <subfield code="p">9788821552328</subfield>
    <subfield code="r">2017-06-07 00:00:00</subfield>
    <subfield code="w">2017-06-07</subfield>
    <subfield code="y">BK</subfield>
  </datafield>
</record>
